000 00695nam a2200193Ia 4500
005 20260601193226.0
008 260601s9999||||xx |||||||||||||| ||und||
020 _a978-3-031-50518-8
_qebk
100 _aAbdalmuttaleb M. A. Musleh Al-Sartawi
245 0 _aGlobal Economic Revolutions: Big Data Governance and Business Analytics for Sustainability
250 _a2024
260 _aHeidelberg, Germany
_bSpringer Nature
_c2024
440 _aCommunications in Computer and Information Science
650 _aComputer Science
700 _aKhaled Hussainey
700 _aMohd Helmy Abd Wahab
856 _uhttps://link.springer.com/openurl?genre=book&isbn=978-3-031-50518-8
942 _cEB
_2ddc
999 _c55961
_d55961